000 00453cam a2200193ua 4500
001 7250
008 141210n ii |||gr||||Z||||||asm
020 _a9789382976080
040 _cMAIN
041 _aasm
082 _a330
100 _aGoswami, S.,
_eAuthor.
245 _aHistory of economic thought
_cBy Sujata Goswami
250 _a2nd.
260 _aGolaghat:
_bSaraswati,
_c2013.
300 _a278p.
653 _aEconomic thought
942 _cBK
999 _c6375
_d6375